[Event "Bangkok Assumption op"]
[Site "Bangkok"]
[Date "2017.03.12"]
[Round "4"]
[White "Sutthithamwasi, Nut"]
[Black "Habla, Jony"]
[Result "0-1"]
[WhiteElo "1890"]
[BlackElo "2249"]
[PlyCount "66"]
[EventDate "2017.03.10"]
[EventType "swiss"]
[EventRounds "9"]
[EventCountry "THA"]
[SourceTitle "EXT 2018"]
[Source "ChessBase"]
[SourceDate "2017.10.13"]
[SourceVersion "1"]
[SourceVersionDate "2017.10.13"]
[SourceQuality "1"]

1. d4 f5 2. c4 Nf6 3. Nf3 e6 4. Nc3 d5 5. Bg5 Be7 6. e3 0-0 7. Bd3 c6 8. c5 Nbd7 9. b4 h6 10. Bf4 Ne4 11. Ne2 g5 12. Bg3 Ndf6 13. Ne5 Nd7 14. Bxe4 dxe4 15. f3 exf3 16. gxf3 Nf6 17. Qd2 Kh7 18. h4 g4 19. Nc3 gxf3 20. Nxf3 Nd5 21. Nxd5 Qxd5 22. Rf1 Rg8 23. Bf4 a5 24. Bxh6 Rg3 25. Ne5 Rg2 26. Qc1 axb4 27. Bg5 Bxg5 28. hxg5 Qe4 29. g6+ Kg8 30. Rf2 Qh4 31. Qd2 Qh1+ 32. Ke2 Rxf2+ 33. Kxf2 Qxa1 0-1

[Event "THA-chT"]
[Site "Bangkok"]
[Date "2015.12.13"]
[Round "9.3"]
[White "Plengsap, Krisadayut"]
[Black "Sutthithamwasi, Nut"]
[Result "1-0"]
[WhiteElo "2151"]
[BlackElo "1929"]
[PlyCount "91"]
[EventDate "2015.12.04"]
[EventType "team-swiss"]
[EventRounds "9"]
[EventCountry "THA"]
[SourceTitle "CBM 170 Extra"]
[Source "ChessBase"]
[SourceDate "2016.02.25"]
[SourceVersion "1"]
[SourceVersionDate "2016.02.25"]
[SourceQuality "1"]
[WhiteTeam "East Bangapi"]
[BlackTeam "Din Daeng II"]
[WhiteTeamCountry "THA"]
[BlackTeamCountry "THA"]

1. d4 d5 2. c4 c6 3. Nf3 Nf6 4. Nc3 g6 5. g3 Bg7 6. Bg2 0-0 7. Qb3 b6 8. cxd5 cxd5 9. Ne5 Bb7 10. 0-0 e6 11. e3 Nc6 12. Nxc6 Bxc6 13. Bd2 Qd7 14. Rac1 Rac8 15. Rfe1 Ne4 16. Nxe4 dxe4 17. Qa3 Rfd8 18. Bb4 e5 19. dxe5 Bxe5 20. Bc3 Bxc3 21. Qxc3 Qe6 22. Qb4 f5 23. Bf1 Bd5 24. b3 Rxc1 25. Rxc1 Rc8 26. Rd1 Qc6 27. Qe7 a5 28. Kg2 b5 29. Qe5 Rd8 30. a4 Qd6 31. Qxd6 Rxd6 32. Bxb5 Kf7 33. Rd4 Ke7 34. b4 axb4 35. Rxb4 Rb6 36. Rd4 Bc6 37. Bxc6 Rxc6 38. g4 Kf6 39. gxf5 gxf5 40. a5 Rc5 41. Ra4 Rc7 42. a6 Rg7+ 43. Kh3 Ra7 44. Ra5 h6 45. Kh4 h5 46. h3 1-0

[Event "THA-chT"]
[Site "Bangkok"]
[Date "2015.12.12"]
[Round "7.3"]
[White "Daylo, Leo Jr"]
[Black "Sutthithamwasi, Nut"]
[Result "1/2-1/2"]
[WhiteElo "2107"]
[BlackElo "1929"]
[PlyCount "80"]
[EventDate "2015.12.04"]
[EventType "team-swiss"]
[EventRounds "9"]
[EventCountry "THA"]
[SourceTitle "CBM 170 Extra"]
[Source "ChessBase"]
[SourceDate "2016.02.25"]
[SourceVersion "1"]
[SourceVersionDate "2016.02.25"]
[SourceQuality "1"]
[WhiteTeam "BCC Gainsfield"]
[BlackTeam "Din Daeng II"]
[WhiteTeamCountry "THA"]
[BlackTeamCountry "THA"]

1. e4 e5 2. Bc4 Nf6 3. d3 Bc5 4. Nc3 Nc6 5. f4 d6 6. Nf3 Bg4 7. h3 Bxf3 8. Qxf3 Nd4 9. Qd1 a6 10. fxe5 dxe5 11. Bg5 b5 12. Bb3 h6 13. Bh4 c6 14. Rf1 Be7 15. Ne2 0-0 16. Nxd4 Qxd4 17. c3 Qd6 18. Qf3 a5 19. a3 b4 20. Bxf6 Bxf6 21. axb4 axb4 22. Kd2 Rab8 23. Kc2 Rb7 24. Bc4 Rfb8 25. cxb4 Rxb4 26. b3 Qd4 27. Ra6 Qc5 28. Qf2 Qxf2+ 29. Rxf2 R4b6 30. Rxb6 Rxb6 31. Kc3 Rb7 32. Ra2 Bh4 33. Ra8+ Kh7 34. Rc8 Be1+ 35. Kb2 Rb6 36. Bxf7 Bf2 37. Be8 Bd4+ 38. Kc2 c5 39. Rc6 Rxc6 40. Bxc6 Kg6 1/2-1/2

[Event "THA-chT"]
[Site "Bangkok"]
[Date "2015.12.05"]
[Round "3.3"]
[White "Pheephacharakan, Pinatpong"]
[Black "Sutthithamwasi, Nut"]
[Result "1/2-1/2"]
[WhiteElo "1771"]
[BlackElo "1929"]
[PlyCount "107"]
[EventDate "2015.12.04"]
[EventType "team-swiss"]
[EventRounds "9"]
[EventCountry "THA"]
[SourceTitle "EXT 2017"]
[Source "ChessBase"]
[SourceDate "2016.10.25"]
[SourceVersion "1"]
[SourceVersionDate "2016.10.25"]
[SourceQuality "1"]
[WhiteTeam "Chonburi JCA"]
[BlackTeam "Din Daeng II"]
[WhiteTeamCountry "THA"]
[BlackTeamCountry "THA"]

1. d4 d5 2. c4 c6 3. Nf3 Nf6 4. Nc3 g6 5. Bg5 Bg7 6. e3 0-0 7. Be2 Nbd7 8. 0-0 Re8 9. cxd5 cxd5 10. Rc1 a6 11. Ne5 Nb6 12. a4 h6 13. Bf4 Nbd7 14. Bf3 Nf8 15. Qb3 e6 16. Rc2 Re7 17. Rfc1 Ne8 18. Qa3 f6 19. Nd3 Bd7 20. Qb3 h5 21. h4 b6 22. Qa3 Kh7 23. Ne2 Bh6 24. Bc7 Nxc7 25. Rxc7 Rf7 26. Nef4 Rc8 27. Qd6 Be8 28. Qxd8 Rxd8 29. Rxf7+ Bxf7 30. Rc6 Rb8 31. Rc7 Kg8 32. b4 Be8 33. a5 bxa5 34. bxa5 Rb1+ 35. Kh2 Rb5 36. Rc5 Bxf4+ 37. Nxf4 Rxc5 38. dxc5 Bb5 39. Be2 Bxe2 40. Nxe2 Kf7 41. Nc1 e5 42. Nd3 Ne6 43. Nb4 Nxc5 44. Nxd5 Ke6 45. Nb4 Kf5 46. Kg1 e4 47. Kf1 Ke6 48. Ke2 Nb3 49. Kd1 Nxa5 50. Nxa6 Nc6 51. Kd2 Kd5 52. Nc7+ Kd6 53. Nb5+ Kc5 54. Nc7 1/2-1/2

[Event "THA-chT"]
[Site "Bangkok"]
[Date "2015.12.05"]
[Round "4.3"]
[White "Sutthithamwasi, Nut"]
[Black "Pantong, Tikampon"]
[Result "1-0"]
[WhiteElo "1929"]
[BlackElo "1578"]
[PlyCount "75"]
[EventDate "2015.12.04"]
[EventType "team-swiss"]
[EventRounds "9"]
[EventCountry "THA"]
[SourceTitle "EXT 2017"]
[Source "ChessBase"]
[SourceDate "2016.10.25"]
[SourceVersion "1"]
[SourceVersionDate "2016.10.25"]
[SourceQuality "1"]
[WhiteTeam "Din Daeng II"]
[BlackTeam "Bangapi Thursday Club"]
[WhiteTeamCountry "THA"]
[BlackTeamCountry "THA"]

1. d4 d5 2. c4 e6 3. Nc3 Nf6 4. Nf3 Be7 5. Bg5 h6 6. Bh4 0-0 7. e3 b6 8. Be2 Bb7 9. 0-0 Nbd7 10. cxd5 exd5 11. Rc1 Rc8 12. Re1 Re8 13. Bd3 Ne4 14. Bxe7 Qxe7 15. Nd2 Ndf6 16. f3 Nxd2 17. Qxd2 c6 18. Re2 Qd7 19. Qc2 c5 20. Bf5 Re6 21. Bxe6 fxe6 22. Qd2 Ba6 23. Ree1 Qf7 24. Ne2 Ne8 25. Nf4 Nd6 26. b3 Nb5 27. Nd3 cxd4 28. Rxc8+ Bxc8 29. exd4 Qf5 30. Ne5 Ba6 31. g3 Nd6 32. Rc1 Nf7 33. Qf4 Nxe5 34. Qxf5 exf5 35. dxe5 d4 36. Rc7 d3 37. Kf2 Bb5 38. Ke3 1-0